Quiz - Les fruits exotiques - Statistiques

Statistiques générales
  • Ce quiz a été pris 436 fois
  • Le résultat moyen est 10 sur 16
Statistiques - réponses
Par images Réponse % Correct
Ananas
98%
Mangue
97%
Noix de coco
96%
Fruit de la passion
91%
Grenade
91%
Fruit du dragon | Pitaya
87%
Papaye
87%
Kaki
77%
Goyave
72%
Durian
54%
Carambole
43%
Ramboutan
30%
Mangoustan
29%
Jacquier
16%
Corossol
15%
Longane
13%
Aucun quiz correspondant
Distribution des résultats
% des personnes avec chaque résultat
Percentile par nombre de réponses
Votre historique - résultats
Vous n’avez pas pris ce quiz